00701nam a2200241 a 450000100060000000300100000600500170001600700030003300800410003604000260007708200150010308200170011810000190013524500380015425000180019230000310021033600270024133700330026833800280030150000500032965000410037970000390042058445CO-BoRNBP20250822195846.0ta961120t1991 ck a jr 000 1 spa  aCO-BoBNbspacCO-BoBN04a863.6422004aCo863.442201 aOrtega, Emilio10aCita en el arbol /cEmilio Ortega a1a. edición a123 p. :bil. byn ;c19 cm 2rdacontentatextobtxt 2rdamediaasin mediaciónbn 2rdacarrieravolumenbnc aDatos biográficos del autor en preliminares14aCuentos infantiles españoles2LEMB1 aGarcía Mejía, Hernando,d1940-